| 000 | 00700nam a22002057a 4500 | ||
|---|---|---|---|
| 999 |
_c10150 _d10150 |
||
| 003 | AR-CdUCM | ||
| 008 | 190329b ||||| |||| 00| 0 spa d | ||
| 040 |
_aMUNICIPALIDAD PROVINCIAL DEL CUSCO _cBIBLIOTECA MUNICIPAL DEL CUSCO |
||
| 082 |
_a617.7 / _bCH31 /1938 |
||
| 100 |
_aChaves Velando, L. A. _926838 |
||
| 245 | _aSíndrome astigmático / | ||
| 260 |
_aLima : _c1938. |
||
| 300 |
_a870 páginas ; _c26 cm. |
||
| 505 | _aContenido : Astenopia o claudicación visual -- Fotofobia -- Síntomas congestivos-irritativos -- Síntomas motores. enoftalmia ... | ||
| 650 |
_aMedicina _93637 |
||
| 650 |
_aSíndrome _926839 |
||
| 650 |
_aAstigmático _926840 |
||
| 942 |
_2ddc _cLIBROS |
||
| 945 | _arah | ||